| 000 | 00551nam a22001817a 4500 | ||
|---|---|---|---|
| 005 | 20170512120236.0 | ||
| 010 | _aENG-118116 | ||
| 020 |
_a9788189430689 _c150.00 |
||
| 035 | _aEN-101648 | ||
| 037 | _bDBAD/PUB | ||
| 082 | _a131 | ||
| 100 | _aSimpson, Savitri | ||
| 245 |
_aChakras for starters _bUnblock the hidden doors to peace and well-being / _cby Savitri Simpson |
||
| 260 |
_aHaryana _bAnand Sangha _c2002 |
||
| 270 | _aB-10/8 DLF City Phase-1 Gurgaon-122002 | ||
| 300 |
_a127p _c18cm.(pbk) |
||
| 942 |
_2ddc _cEN _h131 _mSIM |
||
| 999 |
_c139766 _d139766 |
||